000 00724nam a2200289Ia 4500
005 20260324134600.0
008 008 260324s9999 xx 000 0 eng d
020 _a9781410604071
037 _aEBOOK
040 _aCRL
040 _beng
040 _cCRL
041 _2eng
041 _aeng
084 _qCRL
100 _aMichel Hersen; Linda Krug Porzelius
_91197359
245 0 _aDiagnosis, Conceptualization, and Treatment Planning for Adults
245 2 _bA Step-by-step Guide
260 _bTaylor and Francis
260 _c2001
365 _a
365 _b220
856 _uhttp://www.taylorfrancis.com/books/9781410604071
942 _cEBOOK
999 _c1797613
_d1797613